000 00961cam a22002897a 4500
003 CHAP
005 20220817041523.0
008 971013s1986 r 00010 d
010 _a16920
011 _a17892
035 _a21976
040 _cCHAP
082 _a595.13
_bJ3
100 0 0 _aJara A., Fernando de la.
_961098
245 0 _aManual de prácticas de nematología agrícola
260 _aMéxico, D.F., :
_bInstituto Politécnico Nacional. Escuela Nacional de Ciencias Biológicas,
_c1986
300 _a112 h.
_b: ilus
590 _aBATCH-UPD
_b10
_c20130110
_lUCH01
_h1900
590 _aBATCH-UPD
_b10
_c20130410
_lUCH01
_h1228
590 _aBATCH-UPD
_b10
_c20130914
_lUCH01
_h1702
590 _aCONVERSION
_b10
_c20130109
_lUCH01
_h1310
650 1 4 _aNemátodos parásitos de plantas.
650 1 4 _aNemátodos
_xManuales de laboratorio.
_980823
901 _aBK
942 _cLIBRO
949 _a595.13 J3
_bBC
_cLIBRO
_d-51151
_eLIBRO
_h68659
_i21976
_mD
_si
999 _c16920
_d16920